<?xml version="1.0" encoding="UTF-8"?>
<record
    xmlns:xsi="http://www.w3.org/2001/XMLSchema-instance"
    xsi:schemaLocation="http://www.loc.gov/MARC21/slim http://www.loc.gov/standards/marcxml/schema/MARC21slim.xsd"
    xmlns="http://www.loc.gov/MARC21/slim">

  <leader>00824nam a22001337a 4500</leader>
  <controlfield tag="008">140915b        xxu||||| |||| 00| 0 eng d</controlfield>
  <datafield tag="020" ind1=" " ind2=" ">
    <subfield code="a">9789988159603</subfield>
  </datafield>
  <datafield tag="050" ind1=" " ind2=" ">
    <subfield code="a">K5000.O346</subfield>
  </datafield>
  <datafield tag="100" ind1=" " ind2=" ">
    <subfield code="a">Ofori-Amankwah, E.H.</subfield>
  </datafield>
  <datafield tag="245" ind1=" " ind2=" ">
    <subfield code="a">Introduction to criminology and the administration of criminal justice. /</subfield>
    <subfield code="c">E.H. Ofori-Amankwah.</subfield>
  </datafield>
  <datafield tag="300" ind1=" " ind2=" ">
    <subfield code="a">vi,125p.:</subfield>
    <subfield code="c">20cm.</subfield>
  </datafield>
  <datafield tag="505" ind1=" " ind2=" ">
    <subfield code="a">Contents: Introduction: The evolution of criminological thought -- Twin studies and other researches -- Environmental theories -- Victomology -- Legal principles relating to mental deficiency -- Victimless offences -- The criminology of enforcement -- HIV/AIDS pandemic -- Serial murders -- The drug problem -- Juvenil justice -- Theories of punishment and scientific sentencing -- Destitution -- The prison system -- The police service.</subfield>
  </datafield>
  <datafield tag="942" ind1=" " ind2=" ">
    <subfield code="2">lcc</subfield>
    <subfield code="c">BK</subfield>
  </datafield>
  <datafield tag="999" ind1=" " ind2=" ">
    <subfield code="c">4782</subfield>
    <subfield code="d">12282</subfield>
  </datafield>
  <datafield tag="952" ind1=" " ind2=" ">
    <subfield code="0">0</subfield>
    <subfield code="1">0</subfield>
    <subfield code="2">lcc</subfield>
    <subfield code="4">0</subfield>
    <subfield code="7">0</subfield>
    <subfield code="a">WIUC-1</subfield>
    <subfield code="b">WIUC-1</subfield>
    <subfield code="c">LL</subfield>
    <subfield code="d">2014-09-15</subfield>
    <subfield code="l">0</subfield>
    <subfield code="o">K5000.O346</subfield>
    <subfield code="p">053/13</subfield>
    <subfield code="r">2014-09-15 00:00:00</subfield>
    <subfield code="t">1</subfield>
    <subfield code="w">2014-09-15</subfield>
    <subfield code="y">BK</subfield>
  </datafield>
  <datafield tag="952" ind1=" " ind2=" ">
    <subfield code="0">0</subfield>
    <subfield code="1">0</subfield>
    <subfield code="2">lcc</subfield>
    <subfield code="4">0</subfield>
    <subfield code="7">0</subfield>
    <subfield code="a">WIUC-1</subfield>
    <subfield code="b">WIUC-1</subfield>
    <subfield code="c">LL</subfield>
    <subfield code="d">2014-09-15</subfield>
    <subfield code="l">0</subfield>
    <subfield code="o">K5000.O3461</subfield>
    <subfield code="p">054/13</subfield>
    <subfield code="r">2014-09-15 00:00:00</subfield>
    <subfield code="t">2</subfield>
    <subfield code="w">2014-09-15</subfield>
    <subfield code="y">BK</subfield>
  </datafield>
  <datafield tag="952" ind1=" " ind2=" ">
    <subfield code="0">0</subfield>
    <subfield code="1">0</subfield>
    <subfield code="2">lcc</subfield>
    <subfield code="4">0</subfield>
    <subfield code="7">0</subfield>
    <subfield code="a">WIUC-1</subfield>
    <subfield code="b">WIUC-1</subfield>
    <subfield code="c">LL</subfield>
    <subfield code="d">2014-09-15</subfield>
    <subfield code="l">0</subfield>
    <subfield code="o">K5000.O3462</subfield>
    <subfield code="p">055/13</subfield>
    <subfield code="r">2014-09-15 00:00:00</subfield>
    <subfield code="t">3</subfield>
    <subfield code="w">2014-09-15</subfield>
    <subfield code="y">BK</subfield>
  </datafield>
</record>
